000 00593nam a2200217Ia 4500
003 GCL
008 140319s9999 xx 000 0 eng d
040 _aGCL /
_cGCL
082 0 4 _a747.2
_bF I
100 1 _aFLEIS CHAMANN - MELANE
245 1 0 _aIN THE NEOCLASSIC STYLE /
_cFLEIS CHAMANN - MELANE
700 1 _aHALES, RICK
260 _a[S.N] :
_bTHAMES AND HUDSON ،
_c1996
300 _a158 P
650 0 4 _aINTERIOR DECORATION
650 0 4 _aARTS
650 0 4 _aBED - ROOMS DEISGNING
650 0 4 _aDINNING ROOMS DECORATION
650 0 4 _aRECREATION AND FAMILY ROOMS
942 _2ddc
_cBK
999 _c14665
_d14665